[Event "IECC Swiss-546"]
[Site "IECC email"]
[Date "2009.09.28"]
[Round "?"]
[White "Basson, Heinrich"]
[Black "Dos Santos, Fernando"]
[Result "1-0"]
[WhiteElo "1784"]
[BlackElo "1994"]
[PlyCount "75"]
[EventDate "2009.??.??"]
[EventType "match (corr)"]
[SourceTitle "Corr 2013"]
[Source "ChessBase"]
[SourceDate "2012.11.12"]
[SourceVersion "1"]
[SourceVersionDate "2012.11.12"]
[SourceQuality "1"]
[WhiteTeam "South Africa"]
[BlackTeam "Brazil"]
[WhiteTeamCountry "RSA"]
[BlackTeamCountry "BRA"]

1. d4 d5 2. c4 e6 3. Nc3 c5 4. cxd5 exd5 5. Nf3 Nf6 6. Bg5 Nc6 7. e3 c4 8. Be2 Be7 9. 0-0 0-0 10. b3 Ng4 11. Bxe7 Nxe7 12. bxc4 dxc4 13. Bxc4 Qc7 14. Qb3 Nc6 15. Rfc1 Na5 16. Nb5 Qb6 17. Qc3 a6 18. Na3 Bf5 19. Bd3 Bxd3 20. Qxd3 Qb2 21. Nc2 Rfc8 22. e4 Rc3 23. Qd1 Nc4 24. Rab1 Qxa2 25. Nfe1 Nf6 26. e5 Nb2 27. Qd2 Nd5 28. Ne3 Rxc1 29. Qxc1 Nc3 30. Rxb2 Ne2+ 31. Rxe2 Qxe2 32. Qb1 b5 33. Nf3 a5 34. Ng5 g6 35. Qc1 Rf8 36. h3 Qd3 37. Ng4 h5 38. Nh7 1-0

[Event "Sao Jose de Rio Preto-B"]
[Site "Sao Jose de Rio Preto"]
[Date "2008.03.30"]
[Round "11"]
[White "Rodrigues, Tiago Pereira"]
[Black "Dos Santos, Fernando"]
[Result "1/2-1/2"]
[WhiteElo "2113"]
[BlackElo "2065"]
[PlyCount "78"]
[EventDate "2008.03.24"]
[EventType "tourn"]
[EventRounds "11"]
[EventCountry "BRA"]
[SourceTitle "CBM 123 Extra"]
[Source "ChessBase"]
[SourceDate "2008.05.06"]
[SourceVersion "1"]
[SourceVersionDate "2008.05.06"]
[SourceQuality "1"]

1. d4 Nf6 2. c4 e6 3. Nc3 d5 4. cxd5 exd5 5. Bg5 c6 6. e3 Be7 7. Qc2 0-0 8. Bd3 Nbd7 9. Nge2 Re8 10. 0-0 Nf8 11. Bh4 Ne4 12. Bxe7 Qxe7 13. Rae1 Nf6 14. Ng3 Ne6 15. a3 g6 16. b4 a5 17. Qb2 b5 18. f3 Qa7 19. Qd2 Nd7 20. Kh1 axb4 21. axb4 Rd8 22. f4 f5 23. Qc2 Nf6 24. Nb1 Bd7 25. Nd2 Qa2 26. Nf3 Qxc2 27. Bxc2 Ra2 28. Bb3 Ra3 29. Rb1 Ng4 30. Ne5 Nxe5 31. fxe5 f4 32. exf4 Nxd4 33. Bd1 Rda8 34. Ne2 Nxe2 35. Bxe2 h5 36. h3 Bf5 37. Rbc1 Be4 38. Rxc6 Rxh3+ 39. Kg1 Rb3 1/2-1/2

[Event "Sao Jose de Rio Preto-B"]
[Site "Sao Jose de Rio Preto"]
[Date "2008.03.29"]
[Round "10"]
[White "Dos Santos, Fernando"]
[Black "Zallio, Luciano de Souza"]
[Result "1-0"]
[WhiteElo "2065"]
[BlackElo "2087"]
[PlyCount "79"]
[EventDate "2008.03.24"]
[EventType "tourn"]
[EventRounds "11"]
[EventCountry "BRA"]
[SourceTitle "CBM 123 Extra"]
[Source "ChessBase"]
[SourceDate "2008.05.06"]
[SourceVersion "1"]
[SourceVersionDate "2008.05.06"]
[SourceQuality "1"]

1. d4 d5 2. Nf3 e6 3. c4 Nf6 4. Nc3 c6 5. cxd5 exd5 6. Bg5 Be7 7. e3 Bg4 8. h3 Bh5 9. Bd3 Nbd7 10. 0-0 Ne4 11. Bf4 f5 12. Be2 0-0 13. Ne1 Bxe2 14. Nxe2 g5 15. Bh2 Bd6 16. Bxd6 Nxd6 17. Nd3 Qe8 18. Re1 Qg6 19. Kf1 Rae8 20. Ng1 Re7 21. Nf3 Nf6 22. h4 gxh4 23. Nxh4 Qh6 24. g3 Ng4 25. Nf4 Ne4 26. Nxf5 Rxf5 27. Qxg4+ Rg5 28. Qc8+ Kf7 29. Qh3 Qg7 30. Kg2 Kf8 31. Ne6+ Rxe6 32. Qxe6 Rxg3+ 33. Kf1 Rf3 34. Qc8+ Kf7 35. Qxb7+ Kg6 36. Qxg7+ Kxg7 37. Re2 h5 38. Kg2 Ng5 39. Rh1 Kg6 40. Rc2 1-0